[Event "Bad Homburg"]
[Site "Bad Homburg"]
[Date "1998.07.21"]
[Round "5"]
[White "Jussupow, Artur"]
[Black "Zhu, Chen"]
[Result "1-0"]
[WhiteElo "2630"]
[BlackElo "2490"]
[Annotator "Lutz,C"]
[PlyCount "125"]
[EventDate "1998.07.17"]
[EventType "tourn"]
[EventRounds "9"]
[EventCountry "GER"]
[EventCategory "13"]
[SourceTitle "CBM 066"]
[Source "ChessBase"]
[SourceDate "1998.09.30"]
[SourceVersion "1"]
[SourceVersionDate "1998.09.30"]
[SourceQuality "1"]

1. d4 {Hansen,LB Jussupow} d5 2. c4 c6 3. Nc3 Nf6 4. e3 e6 5. b3 {Hansen: A
favorite line of Jussupow's. Jussupows Spezialaufbau. Weiß möchte Bb2 und Bd3
spielen. Dazu muß er aber die Entwicklung des Ng1 zurückstellen.} Nbd7 {
Von Jussupows Gegnern wurde auch schon 5...c5, 5...Bb4 und 5...dxc4 gespielt.
Diese Partien finden sich unter dem ECO-Code D31.} 6. Bb2 Bd6 7. Nf3 O-O 8. Bd3
e5 9. cxd5 cxd5 10. dxe5 Nxe5 11. Be2 {Hansen: Now we have a standard type
position similar to well known 5. Nf3,Nbd7.6.Qc2 positions. But White's Q is
on d1 instead of c2, and this might be slightly in White's favour, because the
Q pressuresd5 and is not exposed on the c-file.} Be6 12. O-O Nxf3+ $6 {Ich
denke, daß Abtausch generell dem Weißen entgegen kommt.} (12... a6 13. Rc1 (13.
Nxe5 Bxe5 14. Na4 Bxb2 15. Nxb2 Rc8 16. Qd4 Qa5 {Die Partiestellung ist
entstanden, hier unter minimal günstigeren Umständen für Schwarz.} 17. Nd3 Rc2
{Das Eindringen des Turms garantiert Schwarz Gegenspiel.} 18. Nf4 Rd2 19. Bd3
Bf5 20. Rfd1 Rxd1+ 21. Rxd1 Bxd3 22. Qxd3 Qxa2 23. Nxd5 Nxd5 24. Qxd5 Qc2 25.
h4 h6 26. Rd4 Qc7 27. g3 Re8 28. Qd7 Qxd7 29. Rxd7 b5 30. Ra7 Re6 31. h5 Kf8
32. Kg2 Rc6 33. g4 {1/2-1/2 Jussupow,A-Ribli,Z/BL9596 1996/BL 90}) 13... Qe7
14. Na4 Ned7 15. Bd4 Rac8 16. Rxc8 Rxc8 {1/2-1/2 Jussupow,A-Shirov,A/BL9697
1997/BL9697 Schwarz sollte möglichst viele Figuren auf dem Brett lassen.}) 13.
Bxf3 Be5 14. Na4 {Vor zwei Jahren endete A.Jussupow-A.Dreev (Nussloch 1996)
hier mit einem Unentschieden. Diesmal möchte Jussupow es jedoch wissen.} (14.
Qd2 {1/2-1/2 Jussupow,A-Akopian,V/GER-ARM 1996/CBM 55/[Jussupow] (42)}) (14.
Rc1 {Hansen,LB} Rc8 15. Qd2 Qa5 16. Rc2 $14 {Jussupow,A-Portisch,L/Frankfurt
rapid/1998}) 14... Bxb2 15. Nxb2 Qa5 16. Qd4 {Hansen: White does not have much,
but the isolated pawn on d5 always gives White a marginal edge at no risk.}
Rac8 17. Nd3 {Im Vergleich zur Partie gegen Ribli steht der weiße Läufer auf
f3 und der schwarze a-Bauer noch auf a7.} Qc3 (17... Rc2 {ist jetzt sinnlos,
da Weiß} 18. Nb4 {hat.}) 18. Qxc3 Rxc3 19. Rfd1 Rfc8 20. Nf4 g5 21. Ne2 Rc2 22.
Nd4 Rb2 23. Rdb1 Rxb1+ 24. Rxb1 {Hansen: A typical isolani endgame. Black
should be able to draw with just one weakness, but White can play on for hours.
The c-file is not important, as Black's R has no penetration squares.} Bd7 25.
Kf1 $14 {[%csl Rd5,Rd7,Rf5] Weiß hat einen kleinen, aber dauerhaften Vorteil 
(Schwächen d5 und f5, schlechter Läufer d7).} Kf8 26. Ke1 Ke7 27. Be2 Ne4 28.
f3 Nd6 29. Bd3 h6 30. Kd2 Kf6 31. Rh1 {Hansen: Intending to open a second
front through h2-h4.} Rg8 32. Ke2 h5 33. Kf2 h4 34. g4 {Hansen: Forcing Black
to make a crucial choice: Either to shorten the front by hxg3 at the cost of
giving the White R the open h-file, or to leave the pawn structure intact and
passively wait for the break f3-f4.} Ke7 35. h3 f6 36. Ke2 Rc8 37. Rf1 Rf8 38.
Rc1 Rc8 39. Rd1 a6 {Hansen: I don't like this move, as it puts one more pawn
on the same colour square as the Black Bishop.} 40. Kd2 Bb5 41. Bc2 Bd7 42. a4
Nf7 43. Rf1 Nd6 44. Bd3 Rc5 45. Rb1 Rc8 46. a5 $5 {Eine interessante
Entscheidung. Weiß gibt die Felder c4 und b5 frei, kontrolliert dafür aber die
schwarzen Felder b6 und c5 und legt den Pb7 fest.} Rc7 47. b4 Bb5 48. Nb3 {
Hansen: Now White does not mind the exchange og Bs, as Black has now several
more weaknesses: In addition to d5 also the pawns on b7 and (after the cioming
f3-f4 and fxg5) g5 are weak.} Bxd3 49. Kxd3 Nc4 50. f4 {Finally!} Kd6 51. Nd4
Rc8 52. fxg5 fxg5 53. Rf1 {Hansen: Now White penetrates decisively.} Nb2+ 54.
Ke2 Na4 55. Rf6+ Ke7 56. Rg6 Kf7 57. Rxg5 Rc4 58. Rf5+ Kg7 59. Rxd5 Rxb4 60.
Rd6 Kf7 61. g5 Nc3+ 62. Kd3 Nb5 63. Rb6 1-0

[Event "Montecatini Terme"]
[Site "Montecatini Terme"]
[Date "2000.07.30"]
[Round "3"]
[White "Ivanchuk, Vassily"]
[Black "Shirov, Alexei"]
[Result "1/2-1/2"]
[WhiteElo "2719"]
[BlackElo "2746"]
[Annotator "Lutz,C"]
[PlyCount "83"]
[EventDate "2000.07.28"]
[EventType "tourn"]
[EventRounds "7"]
[EventCountry "ITA"]
[EventCategory "17"]
[SourceTitle "CBM 079"]
[Source "ChessBase"]
[SourceDate "2000.11.21"]
[SourceVersion "1"]
[SourceVersionDate "2000.11.21"]
[SourceQuality "1"]

1. d4 d5 2. c4 c6 3. Nf3 Nf6 4. e3 e6 5. Bd3 Nbd7 (5... dxc4 6. Bxc4 c5 {
führt zum angenommenen Damengambit.}) 6. O-O Bd6 7. Nc3 O-O 8. e4 dxc4 9. Bxc4
e5 {Damit sind wir wieder in einer Variante, die Anand wiederbelebt hat.
Anscheinend steht Schwarz besser, als man lange Zeit geglaubt hat.} 10. Be3 (
10. Bg5 Qe7 11. Re1 Rd8 12. Qb3 $5 exd4 13. e5 Nxe5 14. Ne4 $5 b5 $1 15. Nxd6
Nxf3+ 16. Qxf3 Qxd6 17. Bxb5 Bd7 18. Bd3 Re8 19. h3 Nd5 $17 {0-1 Lautier,
J-Anand,V/Monaco 2000/CBM 75/[Lutz] (72)}) 10... Qe7 {Die Dame gehört in
diesem System nach e7.} (10... b5 11. Bd3 a6 12. a4 b4 13. Ne2 c5 $2 14. dxe5
Bxe5 15. Qc2 Ng4 16. Bf4 Qc7 $6 17. Nxe5 Ngxe5 18. Rac1 Qb6 19. Rfd1 Re8 20.
Bxe5 Nxe5 21. Qxc5 Qg6 22. Ng3 h5 23. Nf5 $1 $16 {1-0 Mikhalchishin,
A-Kupreichik,V/Ashkhabad 1978/MCL/[Bulletin] (48)}) (10... Qc7 11. Rc1 exd4 12.
Bxd4 Ne5 13. Nxe5 Bxe5 14. h3 Be6 (14... Rd8 $2 15. Bxe5 $1 {, dieser Trick
wird durch die Damenstellung auf c7 möglich.}) 15. Bxe6 fxe6 16. Bxe5 Qxe5 17.
Qb3 Nh5 18. Rcd1 Nf4 19. g3 Nxh3+ 20. Kg2 Rf6 21. f4 Qh5 22. e5 Rh6 23. Qc4 Rf8
24. Qe2 Qg6 25. Rd4 c5 26. Rc4 Rh4 27. f5 {1-0 Kortschnoj,V-Godena,M/Batumi
1999/CBM 74 (27)}) 11. Bb3 (11. Qc2 exd4 12. Bxd4 Ne5 13. Nxe5 Bxe5 14. Bxe5
Qxe5 15. Be2 Be6 16. Rad1 Rad8 17. h3 Qc5 18. Rxd8 Rxd8 19. Rd1 Rd4 20. Rxd4
Qxd4 21. Qd3 Qxd3 22. Bxd3 Kf8 23. Kf1 {1/2-1/2 Marshall,F-Alekhine,A/Hamburg
1910/HCL (23)}) 11... exd4 12. Bxd4 Ne5 (12... Nxe4 $2 13. Re1 Nxc3 14. Bxc3
$18) 13. Nxe5 Bxe5 14. Bxe5 (14. h3 $2 Rd8 {, man vergleiche mit Kortschnoj,
V-Godena,M (siehe oben)}) 14... Qxe5 15. f4 Qc5+ 16. Kh1 Be6 17. Bxe6 fxe6 18.
Qb3 {Weiß hat die etwas bessere Bauernstellung, aber Schwarz steht aktiv. Weiß
hat nicht viel.} Rae8 19. e5 Ng4 $5 {Schwarz sucht aktives Spiel am
Königsflügel. Außerdem kann, falls Weiß den Nc3 nach d6 bringen sollte,
schnell mit ...Nh6-f7 dessen Abtausch angestrebt werden.} (19... Nd5 {kam auch
in Betracht.} 20. Ne4 (20. Nxd5 Qxd5 21. Qe3 Qb5 22. b3 Rd8 $132) (20. Qxb7
Nxf4) 20... Qb6 21. Nd6 Qxb3 22. axb3 Ra8 $13 {Weißß hat einen schönen
Springer auf d6, aber der Nd5 steht auch nicht schlecht.}) 20. g3 Re7 21. Rae1
Qb6 22. Qa3 (22. Qxb6 axb6 23. Ne4 Rd7 24. Nd6 Nh6 $11 {nebst ...Nf7.}) 22...
Rd7 23. Ne4 Rd4 24. Qe7 c5 {[%csl Re4,Rh1][%cal Yb6c6,Yc6h1] Öffnet die
Diagonale a8-h1 für die Dame.} (24... Rxe4 $6 25. Qxe6+ Kh8 26. Rxe4 Nf2+ 27.
Rxf2 Qxf2 28. Qc4 Qxb2 29. e6 $36) 25. Nd6 Qc6+ 26. Kg1 Qd5 $11 {Angesichts
der offenen weißen Königstellung hat Schwarz genügend Gegenspiel.} 27. Qxb7 (
27. h3 $2 Rd3 $19 {/\} 28. Ne4 Ne3) 27... Qxb7 28. Nxb7 Rb8 29. Nxc5 Rxb2 30.
Rd1 Rc4 31. Rc1 Rd4 32. Nxe6 (32. Rb1 Rxa2 33. Rb8+ Kf7 34. Rb7+ Ke8 35. Nxe6
Rdd2 $11) 32... Rdd2 33. Rc8+ Kf7 34. Ng5+ Ke7 35. Rc7+ Ke8 36. Nf3 Rg2+ 37.
Kh1 Nxh2 38. Nh4 Nxf1 39. Nxg2 Nxg3+ 40. Kg1 Ne2+ 41. Kf1 Ng3+ 42. Kg1 1/2-1/2

[Event "RUS-ch51"]
[Site "St Petersburg"]
[Date "1998.08.07"]
[Round "11"]
[White "Ibragimov, Ildar"]
[Black "Sveshnikov, Evgeny"]
[Result "1-0"]
[WhiteElo "2610"]
[BlackElo "2575"]
[Annotator "Lutz,C"]
[PlyCount "99"]
[EventDate "1998.07.28"]
[EventType "swiss"]
[EventRounds "11"]
[EventCountry "RUS"]
[SourceTitle "CBM 067"]
[Source "ChessBase"]
[SourceDate "1998.11.30"]
[SourceVersion "2"]
[SourceVersionDate "1998.11.01"]
[SourceQuality "1"]

1. d4 d5 2. c4 e6 3. Nf3 Nf6 4. Nc3 c6 5. e3 Nbd7 6. Qc2 Bd6 7. Bd3 O-O 8. O-O
Qe7 $6 {Es ist etwas seltsam, daß Sweschnikow (der haupsächlich Semi-Slawisch
spielt) diese bekannte Ungenauigkeit begeht. Oder gefallen ihm derart passive
Stellungen ? Sweschnikow hat häufig auch die Variante 1.d4 d5 2.c4 c6 3.Nf3
Nf6 4.Nc3 e6 5.Bg5 h6 6.Bxf6 Qxf6 7.e3 Nd7 8.Bd3 Bd6?! 9.0-0 Qe7 10.c5 Bc7 11.
e4 dxe4 12.Nxe4 0-0 (ECO-Code D43) gewählt, die m.E. ebenfalls zu einer
perspektivlosen Stellung führt.} (8... dxc4 $142) 9. c5 $14 Bc7 10. e4 h6 11.
Re1 dxe4 12. Nxe4 Nxe4 13. Bxe4 Nf6 14. Bd3 Rd8 15. Bd2 Bd7 $146 (15... Rd5 16.
Bc4 Rh5 17. h3 Nd5 18. Qe4 Qf6 19. Bd3 Rf5 20. Ne5 Nf4 21. Bf1 Qg5 22. g4 Rf6
23. Rad1 h5 24. h4 Nh3+ 25. Bxh3 Qxh4 26. g5 Qxh3 27. gxf6 gxf6 28. Re3 {
1-0 Shipov,S-Novgorodskij,V/RUS-Cup01 Chigorin mem 1997/CBM 62/[Lutz]}) (15...
a5 16. a3 Bd7 17. b4 b6 18. Bc3 Nd5 19. g3 Be8 20. Bd2 Nf6 21. Rec1 Qd7 22. Bf1
b5 23. a4 axb4 24. Bxb4 Nd5 25. Bd2 bxa4 26. Rxa4 Rdb8 27. Rca1 Qd8 28. Ne5 Ne7
29. Bc3 Qc8 30. Nc4 {Belichev,N-Kelly,B/EU-chJM 1997/EXP 59/1-0 (62)}) 16. a3
Be8 17. Re2 Nd5 18. Rae1 Nf4 19. Bxf4 Bxf4 20. Bc4 Kh8 21. Qe4 Qf6 22. g3 Bc7
23. h4 g6 24. Kg2 Rd7 25. Qc2 Qg7 26. Re4 Rad8 27. b4 Re7 28. R4e3 a6 29. Rd3
Red7 30. Qe2 Re7 31. Qe3 Red7 32. Ne5 Re7 33. f4 $16 f6 34. Nf3 Bf7 35. Qd2 Qg8
$2 36. f5 $18 Kg7 (36... g5 37. hxg5 hxg5 38. Ne5 $18) 37. fxe6 Bxe6 38. Rde3
Rde8 39. Rxe6 Rxe6 40. Rxe6 Rxe6 41. Qa2 Bxg3 42. Bxe6 Qb8 43. Qe2 Bf4 44. Bc4
Qd8 45. Qe6 h5 46. Qf7+ Kh6 47. Bd3 f5 48. Bc4 Qb8 49. Qf6 Qe8 50. Be6 1-0

[Event "Lippstadt 10th"]
[Site "Lippstadt"]
[Date "2000.07.15"]
[Round "10"]
[White "Speelman, Jonathan S"]
[Black "Luther, Thomas"]
[Result "1-0"]
[WhiteElo "2623"]
[BlackElo "2547"]
[Annotator "Lutz,C"]
[PlyCount "51"]
[EventDate "2000.07.06"]
[EventType "tourn"]
[EventRounds "11"]
[EventCountry "GER"]
[EventCategory "10"]
[SourceTitle "CBM 078"]
[Source "ChessBase"]
[SourceDate "2000.10.18"]
[SourceVersion "1"]
[SourceVersionDate "2000.10.18"]
[SourceQuality "1"]

1. Nf3 d5 2. c4 e6 3. d4 Nf6 4. Nc3 c6 5. e3 Nbd7 6. Qc2 Bd6 7. Bd3 O-O 8. O-O
dxc4 9. Bxc4 a6 10. Bd3 c5 11. Bd2 (11. Ne4 Nxe4 12. Bxe4 h6 (12... f5 13. Bd3
b5 14. e4 c4 15. Be2 Bb7 16. Ng5 fxe4 17. Nxe6 Qh4 18. g3 Qh3 19. Nxf8 Rxf8 $13
{1-0 Granda Zuniga,J-Illescas Cordoba,M/Pamplona 1998/CBM 63 (42)}) 13. Rd1 Qc7
14. b3 cxd4 15. Qxc7 Bxc7 16. Rxd4 Nf6 17. Ba3 Rd8 18. Rxd8+ Bxd8 19. Rd1 Bc7
20. Nd2 Nxe4 21. Nxe4 b6 22. Nd6 Bxd6 23. Rxd6 b5 24. Rd8+ Kh7 25. Bb2 Kg6 26.
h4 h5 27. Rg8 f6 28. Re8 Kf7 29. Rd8 a5 30. f3 e5 31. f4 exf4 32. exf4 Kg6 33.
Bc3 a4 {1/2-1/2 Gurevich,M-Ribli,Z/Germany 2000/CBM 75 (33)}) 11... Qc7 $6 {
Möglicherweise ist dieser Zug ungenau, da die Gegenüberstellung auf der
c-Linie vorteilhaft für Weiß ist.} (11... h6 12. Rad1 cxd4 13. exd4 Qc7 14. Rc1
Qb8 15. Rfe1 b5 16. Ne4 Bb7 17. Nxd6 Qxd6 $11 {1/2-1/2 Topalov,V-Kramnik,V/Dos
Hermanas 1997/CBM 59/[Lutz] (28)}) 12. Rac1 c4 $6 {Mit diesem Zug beginnt
Schwarz eine riskante Strategie. Er will den c-Bauern geben, um dafür am
Königsflügel aktiv zu werden. Allerdings hat er ohnehin schon gewisse Probleme.
} (12... b6 13. Ne4 Bb7 14. dxc5 $14 {, und egal, wie Schwarz den Bauern
wiedernimmt, er steht etwas schlechter.}) (12... cxd4 13. exd4 b5 14. Ne4 Qxc2
15. Rxc2 Nxe4 16. Bxe4 Rb8 17. Rfc1 $14) 13. Ne4 Nxe4 14. Bxe4 f5 (14... Nf6
15. Bd3 b5 16. b3 Ba3 17. Rb1 $16) 15. Bd3 b5 16. b3 Bb7 {Die schwarzen
Figuren sind gegen den weißen König gerichtet, aber anscheinend steht Weiß
trotzdem gut.} 17. bxc4 Rf6 (17... Bxf3 18. gxf3 Bxh2+ 19. Kg2 Rf6 20. Rh1 Rg6+
21. Kf1 $18) 18. Rfe1 $1 $16 {Wie durch das präzise Spiel Speelmans gleich
deutlich wird, wiegt das weiße Spiel am Damenflügel schwerer als der schwarze
Angriff am Königsflügel.} (18. cxb5 $5 Qb8 19. Rfe1 $5) 18... Bxf3 19. gxf3
Rg6+ (19... Bxh2+ 20. Kf1 bxc4 21. Qxc4 Qxc4 22. Rxc4 $16) 20. Kf1 Ba3 (20...
Bxh2 21. cxb5 $18) 21. cxb5 $1 Qxh2 22. Ke2 $1 {Wirksame Profilaxe, um nicht
doch dem schwarzen Angriff zum Opfer zu fallen.} (22. Qc7 $2 {sieht nur auf
den ersten Blick stark aus.} Bd6 $1 23. Qxd7 Rg2 $1 24. Qxe6+ Kh8 25. Rc8+ Bf8
26. Ke2 Rxf2+ 27. Kd1 Rxd2+ 28. Kc1 Rxd3 $19) 22... Bxc1 23. Rxc1 axb5 $6 (
23... Rg2 24. Rf1 (24. Be1 $2 axb5 {und der Ba2 hängt mit Schach !}) 24... Qh5
(24... axb5 $2 25. Qc6 Rd8 26. Ba5 $18) 25. bxa6 $16) (23... Qd6 24. Qc6 $18)
24. Qc6 Ra7 (24... Rd8 25. Ba5 Nb8 26. Qb7 Rg2 27. Rf1 $18 Rd7 28. Qc8+ Kf7 29.
f4 $18) 25. Bxf5 $18 Rf6 (25... exf5 26. Qd5+ Kf8 27. Bb4+ $18) 26. Bxe6+ 1-0

[Event "RUS-ch"]
[Site "Elista"]
[Date "1996.??.??"]
[Round "1"]
[White "Makarov, Marat"]
[Black "Galkin, Alexander"]
[Result "1/2-1/2"]
[WhiteElo "2560"]
[BlackElo "2425"]
[Annotator "Lutz,C"]
[PlyCount "83"]
[EventDate "1996.10.15"]
[EventType "swiss"]
[EventRounds "11"]
[EventCountry "RUS"]
[SourceTitle "CBM 056"]
[Source "ChessBase"]
[SourceDate "1997.02.01"]
[SourceVersion "1"]
[SourceVersionDate "1997.02.01"]
[SourceQuality "1"]

1. Nf3 d5 2. c4 c6 3. d4 Nf6 4. Nc3 e6 5. e3 Nbd7 6. Qc2 Bd6 7. Bd3 O-O 8. O-O
dxc4 9. Bxc4 b5 10. Bd3 Bb7 11. Bd2 (11. h3 $6 {Dieser Zug sieht hier nach
einem Tempoverlust aus.} Rc8 12. Bd2 b4 13. Ne4 Nxe4 14. Bxe4 f5 $1 15. Bd3 c5
16. Qb3 Bd5 17. Bc4 Bxf3 18. gxf3 Qg5+ $40 {0-1 Giardelli,S-Sadler,M/Buenos
Aires Najdorf 1995 (35)}) (11. e4) (11. a3) (11. Rd1) 11... a6 12. Ng5 h6 13.
Nge4 Be7 14. Nxf6+ Nxf6 15. Ne4 Nxe4 16. Bxe4 $14 {Dank des rücktändigen Pc5
kann Weiß auf einen leichten Vorteil zählen.} a5 (16... Rc8 17. b4) 17. a3 Bd6
(17... a4 18. Bb4 $1) 18. Rfc1 Qb8 19. h3 Rc8 20. b4 axb4 21. axb4 Rxa1 22.
Rxa1 Qc7 23. Rc1 $5 {Verläßt freiwillig die a-Linie.} (23. Bf3 Ra8 24. Rxa8+
Bxa8 25. e4 $14) 23... Qe7 24. Qb3 Ra8 $5 {/\ ...Ra4} 25. Bxc6 Bxc6 26. Rxc6
Ra1+ 27. Rc1 Rxc1+ 28. Bxc1 Bxb4 29. Bb2 $14 {Weiß steht immer noch etwas
besser, da die Qe7 und der Bb4 aneinander gebunden sind.} Qd6 30. e4 Qe7 31. g3
Qd6 32. Kg2 Qe7 33. Bc1 Qd6 34. Be3 Kf8 35. Qb2 Kg8 36. h4 Qe7 37. Qb3 Qd6 38.
g4 $6 (38. h5 $5 $14 {/\ Kf1-e2, g3-g4}) 38... Qe7 39. h5 Bd6 $1 $11 40. Qxb5
Qh4 41. Qe8+ Kh7 42. Qxf7 1/2-1/2

[Event "RUS-ch"]
[Site "Elista"]
[Date "1996.??.??"]
[Round "1"]
[White "Shariyazdanov, Andrey"]
[Black "Korneev, Oleg"]
[Result "1-0"]
[WhiteElo "2470"]
[BlackElo "2565"]
[Annotator "Lutz,C"]
[PlyCount "75"]
[EventDate "1996.10.15"]
[EventType "swiss"]
[EventRounds "11"]
[EventCountry "RUS"]
[SourceTitle "CBM 056"]
[Source "ChessBase"]
[SourceDate "1997.02.01"]
[SourceVersion "1"]
[SourceVersionDate "1997.02.01"]
[SourceQuality "1"]

1. d4 d5 2. c4 e6 3. Nc3 c6 4. Nf3 Nf6 5. e3 Nbd7 6. Qc2 Bd6 7. Bd3 O-O 8. O-O
dxc4 9. Bxc4 e5 10. h3 Qe7 11. a3 Bb8 {Chernins Spezialvariante} 12. Ba2 h6 13.
Bd2 (13. Nh4 Rd8 14. Nf5 Qe8 $13 {wurde in einigen Partien Chernins getestet.}
(14... Qe8 15. Ne2 (15. Bd2 $5 Nf8 16. Rad1 exd4 17. Nxd4 Bc7 18. Bc1 Bb6 19.
Rfe1 $14 {Stange,M-Chernin,A/Munich/1992/0,5/28/}) 15... Nf8 16. dxe5 Bxf5 17.
Qxf5 Qxe5 18. Ng3 Qxf5 19. Nxf5 Ne6 20. b4 $14 {Karpov,An-Chernin,A/Tilburg/
1992/0,5/65/})) 13... Re8 (13... Rd8 $5 {kommt auch hier in Betracht.}) (13...
Rd8 $5) 14. Nh4 Nf8 15. Nf5 (15. dxe5 Qxe5 16. f4 Qc5 17. Rae1 a5 18. Bb1 Ba7
19. Nf3 b5 20. Ne5 Bb7 21. b4 axb4 22. axb4 Qe7 23. Ba2 Ne6 24. Nxf7 Qxf7 25.
f5 Bc8 26. Rf3 Kh8 $13 {0-1 Grivas,E-Atalik,S/Karditsa 1994 (37)}) 15... Bxf5 (
15... Qc7 16. f4 exd4 17. exd4 Qb6 $13) (15... Qd7 $5) 16. Qxf5 $14 Qc7 (16...
exd4 17. exd4 Qd7 18. Qxd7 N8xd7 19. d5 $14) 17. f4 (17. dxe5 $2 Rxe5 18. Qf4
Nh5 19. Qh2 Qd7 $17) 17... exd4 18. exd4 Qd7 (18... Qb6 $5 $13) 19. Qxd7 N8xd7
20. g4 $1 {Da der Ba2 keinen Widerpart hat, kann Weiß auch ohne Damen eine
heftige Initiative errichten.} Nb6 21. g5 hxg5 22. fxg5 Nfd5 23. Rf3 $16 Bd6
24. Raf1 Re7 25. h4 g6 26. Kg2 Rae8 27. Kh3 Rd7 (27... Kg7 $5) 28. a4 Bf8 (
28... a5 $22 29. Nxd5 Nxd5 30. Bxa5 Ra8) 29. a5 Nc8 (29... Nxc3 30. Bxf7+ Rxf7
31. Rxf7 Ne4 32. axb6 Nxd2 33. Rxf8+ $1 Rxf8 34. Rxf8+ Kxf8 35. bxa7 $18) 30.
Nxd5 cxd5 31. h5 Bg7 (31... gxh5 32. Rxf7 Rxf7 33. Bxd5 Nd6 34. g6 $18) 32.
Rxf7 Rxf7 33. Bxd5 Re2 34. Rxf7 Kh8 (34... Rxd2 35. Rf2+ $18) 35. h6 Bxd4 36.
Rf8+ Kh7 37. Bg8+ Kh8 38. Bc4+ 1-0

[Event "Corus"]
[Site "Wijk aan Zee"]
[Date "2006.01.21"]
[Round "7"]
[White "Aronian, Levon"]
[Black "Van Wely, Loek"]
[Result "0-1"]
[WhiteElo "2752"]
[BlackElo "2647"]
[Annotator "Lutz,C"]
[PlyCount "172"]
[EventDate "2006.01.14"]
[EventType "tourn"]
[EventRounds "13"]
[EventCountry "NED"]
[EventCategory "19"]
[SourceTitle "CBM 111"]
[Source "ChessBase"]
[SourceDate "2006.04.04"]
[SourceVersion "1"]
[SourceVersionDate "2006.04.04"]
[SourceQuality "1"]

1. d4 d5 2. c4 c6 3. Nf3 Nf6 4. e3 e6 5. Bd3 Nbd7 6. O-O Bd6 7. Nc3 O-O 8. e4
dxc4 9. Bxc4 e5 10. Be3 {Ein eher seltener Zug. Nach 10...Qe7 ist es schwer
für Weiß, einen Vorteil nachzuweisen.} b5 $5 (10... Qe7 11. Bb3 exd4 12. Bxd4
Ne5 13. Nxe5 Bxe5 14. Bxe5 Qxe5 15. f4 Qc5+ 16. Kh1 Be6 17. e5 (17. Bxe6 fxe6
18. Qb3 Rae8 19. e5 Ng4 $5 20. g3 Re7 21. Rae1 Qb6 22. Qa3 Rd7 23. Ne4 Rd4 24.
Qe7 c5 $132 {1/2-1/2 Ivanchuk,V-Shirov,A/Montecatini Terme 2000/CBM 79/[Lutz] 
(42)}) 17... Rad8 18. Qf3 Bxb3 19. axb3 Nd5 20. Ne4 Qb6 21. Rae1 f6 22. e6 Ne7
23. f5 Rd5 24. Ng3 Qd4 25. Re2 Rfd8 $13 {1-0 Lautier,J-Akopian,V/Mallorca 2004/
CBM 104/[Lutz] (47)}) 11. Bb3 (11. Bd3 a6 12. a4 b4 13. Ne2 c5 $6 14. dxe5 Bxe5
15. Qc2 Ng4 16. Bf4 Qc7 $6 17. Nxe5 Ngxe5 18. Rac1 Qb6 19. Rfd1 Re8 20. Bxe5
Nxe5 21. Qxc5 Qg6 22. Ng3 h5 23. Nf5 $1 $16 {1-0 Mikhalchishin,A-Kupreichik,V/
Ashkhabad 1978/MCL/[Bulletin] (48)}) 11... Bb7 (11... a6 12. a4 b4 13. Ne2 Nxe4
14. Qc2 exd4 15. Nexd4 Ndc5 16. Nxc6 Qf6 17. Bd4 Qh6 18. Bd5 b3 19. Qc1 Qh5 20.
Be5 Bxe5 21. Nfxe5 Bb7 22. Qc4 Bxc6 23. Nxc6 Rae8 24. Rae1 Nd2 25. Qxc5 Nxf1
26. Rxf1 Re2 27. Qd6 Qg5 28. Bxb3 Rfe8 29. g3 Qf5 30. Nd4 Qe5 31. Qxe5 R2xe5
32. Nf3 Re2 33. Ng5 R8e7 34. Bc4 Rxb2 35. Bxa6 h6 36. Nf3 g5 37. Nd4 {1-0
Norwood,D-Murshed,N/London 1984/MCL (37)}) 12. Nh4 g6 13. Bh6 exd4 {Van Wely
wählt eine sehr zweischneidige Möglichkeit und hat damit ungeahnten Erfolg.} (
13... Re8 $5 {war auch möglich.}) 14. Bxf8 Nxf8 15. e5 {Weiß muss ohnehin
einen zweiten Bauern geben. Mit dem Textzug kann er zumindest den
schwarzfeldrigen Läufer einheimsen.} Bxe5 16. Nf3 Qd6 (16... Bxh2+ 17. Nxh2
dxc3 18. bxc3 $13) 17. Nxe5 Qxe5 {Schwarz hat zwei Bauern für die Qualität,
wenn er noch zu ...c6-c5 käme, hätte er eine sehr gute Stellung. Jedoch
schafft es Aronian zunächst, Schwarz an diesem Vorstoß zu hindern und die
Stellung unter Kontrolle zu halten.} 18. Re1 Qd6 19. Qd3 Rd8 20. Ne4 Nxe4 21.
Qxe4 Rd7 22. Qe5 Qb4 $6 (22... Qxe5 23. Rxe5 Kg7 24. Rd1 $14 {, und Weiß steht
besser, da er ...c6-c5 weiterhin verhindert.}) (22... c5 23. Qxd6 Rxd6 24. Re7
Bd5 25. Bxd5 Rxd5 26. Rxa7 $16 {, und Weiß hat einen der schwarzen Bauern
zurückgeholt.}) 23. Qf6 d3 24. Re8 d2 {Weiß ist auf der 8. Reihe eingedrungen,
aber Schwarz hat immerhin einen Freibauern auf der vorletzten Reihe...} 25. Rf1
$4 {[%mdl 8192] ... der nun eine ungeahnte Karriere macht.} (25. h4 a5 26. Rd8
Qe7 27. Qxe7 Rxe7 28. Rxd2 $16) 25... Qxb3 $1 26. axb3 d1=Q 27. Rb8 (27. Rxd1
Rxd1+ 28. Re1 Rxe1#) 27... Qe2 $19 {Mit zwei Figuren und Bauer gegen einen
Turm steht Schwarz nun auf Gewinn.} 28. h4 Qe7 29. Qc3 Rd8 30. Re1 Qc7 31. Rxd8
Qxd8 32. Qc5 a6 33. h5 gxh5 34. Qxh5 Bc8 35. Qc5 Qd5 36. Qc1 Be6 37. Rd1 Qxb3
38. Rd6 Kg7 39. Rxc6 a5 40. Rc5 Ng6 41. Rh5 Kg8 42. Qd2 f6 43. Rc5 a4 44. Qd6
Nf8 45. Qd4 Kg7 46. Kh2 Bd7 47. Rg5+ Kf7 48. Rd5 Be6 49. Rc5 Nd7 50. Rh5 Kg7
51. Qe4 f5 52. Qd4+ Nf6 53. Rg5+ Kf7 54. Qa7+ Nd7 55. Qd4 Nf6 56. Qa7+ Nd7 57.
Qd4 Qd5 58. Qg7+ Ke8 59. Qh8+ Ke7 60. Qxh7+ Kd6 61. Qh4 Qe5+ 62. Rg3 Qxb2 63.
Rd3+ Bd5 64. Qh6+ Qf6 65. Qd2 Qe5+ 66. Kg1 Nc5 67. Rh3 Qe4 68. f3 Qc4 69. Qa5
Ne6 70. Kh2 Bc6 71. Rh7 b4 72. Qa7 b3 73. Qe7+ Kd5 74. Rh4 Qc5 75. Qf7 Qf8 76.
Qa7 Qd6+ 77. Kh1 Qc5 78. Qf7 Kd6 79. Qf6 Qe5 80. Qh6 f4 81. Qh7 b2 82. Qd3+ Kc5
83. Kh2 Bb5 84. Qa3+ Kc4 85. Qa2+ Kc3 86. Rh7 Bc4 0-1